Rules of the wild : (Record no. 8005)

MARC details
000 -LEADER
fixed length control field 00813nam a22002417a 4500
001 - CONTROL NUMBER
control field 8005
003 - CONTROL NUMBER IDENTIFIER
control field FISKH
005 - DATE AND TIME OF LATEST TRANSACTION
control field 20250818154823.0
008 - FIXED-LENGTH DATA ELEMENTS--GENERAL INFORMATION
fixed length control field 250818b cb ||||| |||| 00| 0 eng d
020 ## - INTERNATIONAL STANDARD BOOK NUMBER
International Standard Book Number 9780811842266
040 ## - CATALOGING SOURCE
Original cataloging agency FISKH
Language of cataloging eng
Transcribing agency FISKH
Modifying agency FISKH
050 ## - LIBRARY OF CONGRESS CALL NUMBER
Classification number PZ8.L575 R
082 ## - DEWEY DECIMAL CLASSIFICATION NUMBER
Classification number 395.122
100 ## - MAIN ENTRY--PERSONAL NAME
Personal name Levin, Bridget
245 ## - TITLE STATEMENT
Title Rules of the wild :
Remainder of title An unruly book of manners /
Statement of responsibility, etc. by Bridget Levin Amanda Shepherd (Illustrator)
260 ## - PUBLICATION, DISTRIBUTION, ETC.
Place of publication, distribution, etc. California :
Name of publisher, distributor, etc. Cronicle Books,
Date of publication, distribution, etc. 2004.
300 ## - PHYSICAL DESCRIPTION
Extent 32 unnumbered pages :
Other physical details color illustrations ;
Dimensions 28 cm
505 ## - FORMATTED CONTENTS NOTE
Formatted contents note NP<br/>
520 ## - SUMMARY, ETC.
Summary, etc. Rhyming text explores how proper behavior for young animals is different from what is expected of young children.
700 ## - ADDED ENTRY--PERSONAL NAME
Personal name Shepherd, Amanda
Relator term Illustrator
942 ## - ADDED ENTRY ELEMENTS (KOHA)
Source of classification or shelving scheme Dewey Decimal Classification
Koha item type Books
Suppress in OPAC No
Holdings
Withdrawn status Lost status Source of classification or shelving scheme Damaged status Not for loan Collection Home library Current library Shelving location Date acquired Total Checkouts Full call number Barcode Date last seen Copy number Price effective from Koha item type
    Dewey Decimal Classification     Juvenile Fiction Footprints International School Library Network Toul Kork Campus Footprints International School Library Network Toul Kork Campus TK Primary Library Room(4th Floor), Bookcase 7, Shelves 57-60, Dark Green Books 08/18/2025   LEV 395.122 PZ8.L575 R FISBK00496 08/18/2025 1 08/18/2025 Books